Statistics for Who sings my favorite song each year since 1970?

Click here to take the quiz!

General Stats

  • This quiz has been taken 301 times
  • The average score is 11 of 55

Answer Stats

YearSongArtist/Band% Correct
1986The Final CountdownEurope
77%
1982Eye of the TigerSurvivor
71%
1980Call MeBlondie
67%
1976Go Your Own WayFleetwood Mac
67%
1973Dream OnAerosmith
66%
1988Fast CarTracy Chapman
56%
1989Personal JesusDepeche Mode
52%
1985A View to a KillDuran Duran
46%
1981Edge of SeventeenStevie Nicks
46%
1984Cruel SummerBananarama
43%
1991AlivePearl Jam
35%
1978Because the NightPatti Smith
33%
1975Evil WomanElectric Light Orchestra
32%
1977The PassengerIggy Pop
32%
1995Bullet With Butterfly WingsThe Smashing Pumpkins
32%
1979RefugeeTom Petty and the Heartbreakers
32%
1987The One I LoveR.E.M.
29%
1983Sunglasses At NightCorey Hart
27%
2013The MonsterEminem
25%
1994Lightning CrashesLive
25%
1998DragulaRob Zombie
24%
1992Would?Alice In Chains
23%
1990There She GoesThe La's
23%
2014CenturiesFall Out Boy
22%
2000Hanging By A MomentLifehouse
17%
2015Cool for the SummerDemi Lovato
15%
2012Glad You CameThe Wanted
14%
1997JumperThird Eye Blind
14%
2018Youngblood5 Seconds of Summer
12%
2007Pocketful of SunshineNatasha Bedingfield
12%
2009You Found MeThe Fray
11%
1999Falling Away From MeKorn
10%
1996If You Could Only SeeTonic
8%
1993GoPearl Jam
7%
1971I'd Love to Change the WorldTen Years After
7%
2011Hey Baby (Drop It to the Floor) (feat. T-Pain)Pitbull
4%
20054 Words (To Choke Upon)Bullet For My Valentine
3%
1970House of the Rising SunFrijid Pink
3%
2008Let It RockKevin Rudolf
3%
2003Did My TimeKorn
3%
2020Monsters (feat. blackbear)All Time Low
2%
1974Broadway Melody of 1974Genesis
2%
2010All I WantA Day To Remember
1%
2002ColorsCrossfade
1%
2006What We Came Here ForDamone
1%
2004WaitEarshot
1%
2001Get Up AgainFlaw
1%
2019NightmareHalsey
1%
2024Eyes ClosedImagine Dragons
1%
1972Kamakazi MothJerusalem
1%
2016Take It All BackJudah & the Lion
1%
2023Make It Out AliveONE OK ROCK
1%
2022ParalyzedSueco
1%
2017DorianMotograter
0%
2021BabylonNormandie
0%

Score Distribution

Percentile by Number Answered

Percent of People with Each Score

Your Score History

You have not taken this quiz